Library of the University of Algiers 3
Ibrahim Sultan Cheibout
شعار جامعة الجزائر 3
مكتبة جامعة الجزائر 3
إبراهيم سلطان شيبوط

محاسبة التكاليف / (رقم التسجيلة. 46314)

تفاصيل مارك
000 -LEADER
fixed length control field 01880nam a2200229Ia 4500
003 - CONTROL NUMBER IDENTIFIER
control field Ost
005 - DATE AND TIME OF LATEST TRANSACTION
control field 20260507075802.0
008 - FIXED-LENGTH DATA ELEMENTS--GENERAL INFORMATION
fixed length control field 260507s9999||||xx |||||||||||||| ||und||
020 ## - INTERNATIONAL STANDARD BOOK NUMBER
International Standard Book Number 9789957965532
040 ## - CATALOGING SOURCE
Transcribing agency fsecg
041 ## - LANGUAGE CODE
Language code of text/sound track or separate title ara
082 ## - DEWEY DECIMAL CLASSIFICATION NUMBER
Classification number 657.42
100 ## - MAIN ENTRY--PERSONAL NAME
Personal name عبد السلام، أيمن يوسف
Relator term مؤلف
245 #0 - TITLE STATEMENT
Title محاسبة التكاليف /
Statement of responsibility, etc. أيمن يوسف عبد السلام
260 ## - PUBLICATION, DISTRIBUTION, ETC.
Place of publication, distribution, etc. عمان:
Name of publisher, distributor, etc. دار غيداء للنشر والتوزيع,
Date of publication, distribution, etc. 2019
300 ## - PHYSICAL DESCRIPTION
Extent 477 صفحة؛
Other physical details إيضاحات ؛
Dimensions 24 سم
504 ## - BIBLIOGRAPHY, ETC. NOTE
Bibliography, etc. note بيبليوغرافيا: ص ص.465-477
520 ## - SUMMARY, ETC.
Summary, etc. مفهوم وأهداف نظام التكاليف، نظام التكاليف على أساس الانشطة الموجهة ، أساسيات محاسبة التكاليف، طرق وتصنيف بنود التكلفة، التكاليف الصناعية غير المباشرة، تحليل التكاليف المالية للمؤسسات الصحية تأثير التكامل بين التقنيات المستجدة في محاسبة التكليف وترابطها في الخدمة، المحاسبة في المنشآت الصناعية، المحاسبة الإدارية في مجال الرقابة وتقييم الأداء، الجمعيات المهنية الدولية وأثرها على تطوير النظام المحاسبي، أساسيات محاسبة التكاليف في المنشآت الصناعية، أثر تخفيض التكاليف على تنافسية المؤسسة، التكاليف المباشرة ومشاكلها وطرق تحميلها، محاسبة التكاليف في النشاط الفندقي، المخزون، مدخل مقترح لتطوير دور المعلومات المحاسبية.
653 ## - INDEX TERM--UNCONTROLLED
Uncontrolled term الشركات- المحاسبة
653 ## - INDEX TERM--UNCONTROLLED
Uncontrolled term محاسبة التكاليف
942 ## - ADDED ENTRY ELEMENTS (KOHA)
Koha item type كتب
المقتنيات
Withdrawn status Lost status Source of classification or shelving scheme Damaged status Not for loan Home library Current library Date acquired Serial enumeration / chronology Inventory number Total checkouts Full call number Barcode Date last seen Price effective from Koha item type
    Library of Congress Classification   NOT LOAN / إعارة داخلية مكتبة كلية العلوم الإقتصادية والعلوم التجارية وعلوم التسيير مكتبة كلية العلوم الإقتصادية والعلوم التجارية وعلوم التسيير 07/05/2026 الطابق الأرضي 025.21/576   515/025.21ن01 025.21/576 07/05/2026 07/05/2026 كتب

موارد الويب المفتوحة


© University of Algiers 3 All Rights Reserved
|
Implemented by LECHELAH Riad